000 00525nam a2200205Ia 4500
005 20230717113509.0
008 131103s9999 xx 000 0 und d
020 _a8185182914
_cRs300.00
040 _aLoreto College
041 _aEnglish
082 _a915.42
_bNEG
100 _aNegi,S.S.
245 _aGarhwal
_b The land and people
_cS.S.Negi
260 _aNew Delhi
_bIndus Publishing
_c1994
300 _a207p
504 _aIncludes appendices and index
650 _aHimalayas
850 _aLCLIB
942 _cBK
999 _c36892
_d87371